000 01008nas a2200325 4500
001 BR8501113
003 BR-BrBNA
005 20231205090130.0
007 ta
008 230509b bl.|||p| |||| 00| 00por d
040 _aBR-BrBNA
_bpor
_cBiblioteca Nacional de Agricultura
041 _a(Pt)
072 _aF22
100 1 _aLongo, J.V.
100 1 _aFernandes, B.
100 1 _aMoreira, M.A.
100 1 _aResende, M.
100 1 _aLoures, E.G.
245 1 _aSubstancias humicas de latossolos dos estados de Minas Gerais e Para [Brasil]
_bParte de tese
246 1 _aHumic substances in latosols of the states of Minas Gerais and Para [Brazil]
_b[Part of thesis]
650 _aLATOSSOLO
650 _aHUMUS
650 _aFISICA DO SOLO
650 _aQUIMICA DO SOLO
650 _aMINAS GERAIS
650 _aPARA
773 0 _tRevista Ceres (Brazil)
_xISSN 0034-737X
_g(Nov-Dec 1984), v. 31(178) p. 479-488
_wBR8501113
909 _a202311
_bLúcia
_c55
_dLúcia Elande
942 _2AGRIS
_n0
_cANA
999 _c116316
_d116316